| 000 | 00781nas a2200241 454500 | ||
|---|---|---|---|
| 001 | 18944 | ||
| 005 | 20260407193505.0 | ||
| 008 | 260407s2008####ag###########|||spa#d | ||
| 003 | AR-UNSa-BCEJYS | ||
| 040 |
_aAR-UNSa-BCEJYS _bspa _cAR-UNSa-BCEJYS |
||
| 080 |
_a34 _xDerecho |
||
| 245 | 1 | 0 |
_aLa Ley Buenos Aires _pPublicación mensual de Jurisprudencia de la Provincia de Buenos Aires |
| 022 | _a0328-1035 | ||
| 264 | 1 |
_aBuenos Aires : _bLa Ley _c2008 |
|
| 310 | _aFrecuencia: Mensual | ||
| 942 | _cSER | ||
| 590 | _aniveau_biblio:s niveau_hierar:1 | ||
| 100 | 1 | _aTrigo Represas, Félix A | |
| 650 | _aDerecho | ||
| 650 | _aJURISPRUDENCIA | ||
| 650 | _aDOCTRINA | ||
| 856 | 4 | 1 |
_uhttps://biblioeco.unsa.edu.ar/pmb/images/revistas/La Ley Buenos Aires.jpg _yImagen de portada _qimage/jpeg |
| 999 |
_c8511 _d8511 |
||